Statistics for Ultimate Magnus chase quiz

Click here to take the quiz!

General Stats

  • This quiz has been taken 75 times
    (74 since last reset)
  • The average score is 10 of 21

Answer Stats

HintAnswer% Correct
Main characterMagnus chase
100%
Cousin of ^^Annabeth Chase
98%
Sword re-namedJack
83%
True self of XOdin
75%
Child of LokiAlex fierro
74%
Dwarf (friend)Blitzen
74%
Father of Main CharacterFrey
74%
Elf (Friend)Hearthstone
74%
Daughter of LokiSamirah Al-Abbas
60%
Hammer of ThorMjolnir
53%
Sword nameSumarbrander
42%
Thor's GoatsOtis and Marvin
40%
Enemy in Book 1Fenris wolf
34%
^^ is aShapeshifter
34%
Father of ^Alderman
25%
Offspring of ^ nameStanley
25%
8-legged horseSleipnir
15%
Giant who steal the HammerThrym
15%
2nd Owner of ^^Skirnir
2%
Drunk GirlsGjalp and Greip
0%
Thor lifts ^ withIron gloves
0%

Score Distribution

Percentile by Number Answered

Percent of People with Each Score

Your Score History

You have not taken this quiz since the last reset